ბათუმის შოთა რუსთაველის სახელმწიფო უნივერსიტეტის ბიბლიოთეკა

Why we age : what science is discovering about the body's journey through life (ბიბ.ჩანაწერი № 51255)

000 -LEADER
fixed length control field 00800nam a2200253Ia 4500
001 - CONTROL NUMBER
control field 18217
003 - CONTROL NUMBER IDENTIFIER
control field GE_BSU
008 - FIXED-LENGTH DATA ELEMENTS--GENERAL INFORMATION
fixed length control field 181216s||||||||xx |||||||||||||| ||und||
020 ## - INTERNATIONAL STANDARD BOOK NUMBER
International Standard Book Number 9780471296461
040 ## - CATALOGING SOURCE
Transcribing agency GE_BSU
080 ## - UNIVERSAL DECIMAL CLASSIFICATION NUMBER
Universal Decimal Classification number 612.6
100 ## - MAIN ENTRY--PERSONAL NAME
Personal name Austad, Steven N.
245 ## - TITLE STATEMENT
Title Why we age : what science is discovering about the body's journey through life
260 ## - PUBLICATION, DISTRIBUTION, ETC.
Place of publication, distribution, etc. New York
260 ## - PUBLICATION, DISTRIBUTION, ETC.
Name of publisher, distributor, etc. J. Wiley & Sons,
260 ## - PUBLICATION, DISTRIBUTION, ETC.
Date of publication, distribution, etc. 1997
300 ## - PHYSICAL DESCRIPTION
Extent xii, 244 p, ill. ; 25 cm.
653 ## - INDEX TERM--UNCONTROLLED
Uncontrolled term Aging--Physiological aspects. Age factors in disease.
653 ## - INDEX TERM--UNCONTROLLED
Uncontrolled term Why we age : what science is discovering about the body's journey through life
653 ## - INDEX TERM--UNCONTROLLED
Uncontrolled term მედიცინა
653 ## - INDEX TERM--UNCONTROLLED
Uncontrolled term ფიზიოლოგიური ასპექტები.
942 ## - ADDED ENTRY ELEMENTS (KOHA)
Koha item type წიგნი
ეგზემპლარები
Withdrawn status Lost status Damaged status Not for loan Date acquired Barcode Date last seen Price effective from Koha item type
        2018-12-17 46419 2018-12-17 2018-12-17 წიგნი